01734nam a2200325 i 4500001001000000003000900010005001700019006001900036007000300055008004100058020001800099040003000117082001900147100006100166245019900227264004600426300007000472336002700542337003300569338002800602500007500630500009200705505026700797600004001064650006901104650006701173651006401240700004201304700006201346000047854DO-SdBNP20250204093942.0a||||gr|||| 00| 0 ta180830e2013 dr aoc gr 001 edspa d a9789945009828 aDO-SdBNPbspacBNPHUerda 4axxxbF363j2221 aFernández Pichardo, Simón Tomas,e1932-dautor4aut.13aEl justo que se inmoló : bManolo Tavárez Justo /cSimón Tomás Fernández Pichardo ; edición y arte final, Carmen Pérez Valerio ; fotografías, Enilda Milagros Fernández Pimentel 1aSanto Domingo :bEditor Wikiprint,c2013. a139 páginas :bIustraciones., fotografías, retratos ;c25 cm. atextobtxt2rdacontent asin mediaciónbn2rdamedia avolumenbnc2rdacarrier aIncluye datas biográficos del autor en las solapas de las cubiertas. aEn homejo a Manolo Tavárez Justo, Minerva Mirabal y amigos del Movimiento 14 de Junio0 aAgradecimiento --tprólogo --tRecuento de la memoria --tRealación con Manolo Tavárez Justo y otros dirigentes del Movimiento 14 de JuniotAsesinato de las Hermanas Mirabal --tLiberación de Manolo Tavárez Justo y continuidad de la lucha patriótica.14aTavárez Justo, Manolo,d1931-1963 4aMovimientos Revolucionariosx14 de juniozRepública Dominicana 4aRelatosvHermanas Mirabaly1961 - 1963zRepública Dominicana 4aRepública DominicanavBiografíasxHistoria y 1931-19631 aPérez Valerio, Carmen,eeditor4ed.1 aFernández Pimentel, Enilda Milagros,efotógrafo4fot.